000 00899nas a2200277 4500
001 BR8902485
003 BR-BrBNA
005 20231205091541.0
007 ta
008 230509b bl.|||p| |||| 00| 00por d
040 _aBR-BrBNA
_bpor
_cBiblioteca Nacional de Agricultura
041 _a(Pt)
072 _aU40; F08
100 1 _aSantos, M.E. de L.
100 1 _aRocha, H.O. da
100 1 _aScopel, I.
100 1 _aValerio Filho, M.
245 1 _aAvaliacao dos sistemas de manejo atraves de tecnicas de sensoriamento remoto
246 1 _aEvaluation of farming systems by the use of remote sensing techniques
650 _aAEROFOTOGRAMETRIA
650 _aSISTEMA DE CULTIVO
650 _aPARANÁ
773 0 _tRevista do Setor de Ciencias Agrarias (Brazil)
_xISSN 0100-607X
_g(1987), v. 9(1-2) p. 63-74
_wBR8902485
909 _a202311
_bLúcia
_c55
_dLúcia Elande
942 _2AGRIS
_n0
_cANA
999 _c125804
_d125804